आधा शेर / (Record no. 197863)
[ view plain ]
| 000 -LEADER | |
|---|---|
| fixed length control field | 00713nam a22001937a 4500 |
| 005 - DATE AND TIME OF LATEST TRANSACTION | |
| control field | 20230905165006.0 |
| 010 ## - LCCN (DPL NO) | |
| LC control number | HIN-125821 |
| 020 ## - INTERNATIONAL STANDARD BOOK NUMBER | |
| Terms of availability | 495.00 |
| International Standard Book Number | 9780199470570 |
| 035 ## - SYSTEM CONTROL NUMBER | |
| System control number | HN-98167 |
| 037 ## - SOURCE OF ACQUISITION | |
| Source of stock number/acquisition | DBAD/PUB |
| 082 ## - DEWEY DECIMAL CLASSIFICATION NUMBER | |
| Classification number | 954.052092 |
| 100 ## - MAIN ENTRY--PERSONAL NAME | |
| Personal name | सीतापति, विनय |
| 245 ## - TITLE STATEMENT | |
| Title | आधा शेर / |
| Remainder of title | विनय सीतापति |
| 260 ## - PUBLICATION, DISTRIBUTION, ETC. (IMPRINT) | |
| Place of publication, distribution, etc | New Delhi |
| Name of publisher, distributor, etc | oxford University press |
| Date of publication, distribution, etc | 2018 |
| 270 ## - ADDRESS | |
| Address | 2/11 भूतल अंसारी रोड दरियागंज |
| City | न्यू दिल्ली |
| Postal code | 110002 |
| 300 ## - PHYSICAL DESCRIPTION | |
| Extent | 403पृ. |
| Dimensions | 22सेमी.(अजिल्द) |
| 710 ## - ADDED ENTRY--CORPORATE NAME | |
| 9 (RLIN) | 55954 |
| 942 ## - ADDED ENTRY ELEMENTS (KOHA) | |
| Source of classification or shelving scheme | Dewey Decimal Classification |
| Item type | Hindi Books |
| Call number suffix | सीताप |
| Classification part | 954.052092 |
| Withdrawn status | Lost status | Not for loan | Collection code | Home library | Current library | Date acquired | Source of acquisition | Cost, normal purchase price | Full call number | Barcode | Copy number | Cost, replacement price | Koha item type |
|---|---|---|---|---|---|---|---|---|---|---|---|---|---|
| Non-fiction | Central Jail Tihar | Central Jail Tihar | 05/09/2023 | DBAD/PUB | 495.00 | 954.052092 सीताप | HN-98167 | 1 | 495.00 | Hindi Books |
